Ultimate first encyclopedia. (Record no. 114187)
[ view plain ]
| 000 -LEADER | |
|---|---|
| fixed length control field | 00344nam a2200121 a 4500 |
| 005 - DATE AND TIME OF LATEST TRANSACTION | |
| control field | 20140414132052.0 |
| 008 - FIXED-LENGTH DATA ELEMENTS--GENERAL INFORMATION | |
| fixed length control field | 110726s19uu xx 00 eng d |
| 050 ## - LIBRARY OF CONGRESS CALL NUMBER | |
| Classification number | REF 030 |
| Item number | U47 1999 |
| 245 ## - TITLE STATEMENT | |
| Title | Ultimate first encyclopedia. |
| 260 ## - PUBLICATION, DISTRIBUTION, ETC. (IMPRINT) | |
| Place of publication, distribution, etc | Danbury, Connecticut : |
| Name of publisher, distributor, etc | Grolier, |
| Date of publication, distribution, etc | 1998. |
| 650 ## - SUBJECT ADDED ENTRY--TOPICAL TERM | |
| Topical term or geographic name as entry element | Encyclopedias and dictionaries. |
| Withdrawn status | Lost status | Damaged status | Home library | Current library | Shelving location | Date acquired | Source of acquisition | Total Checkouts | Full call number | Barcode | Date last seen | Price effective from | Koha item type |
|---|---|---|---|---|---|---|---|---|---|---|---|---|---|
| Munich Library | Munich Library | Reference Section | 07/26/2011 | REF 030 U47 1999 | M5939 | 04/14/2014 | 04/14/2014 | Books |